000 01310nam a2200313 c 4500
999 _c185391
_d185391
003 BLK
005 20201229105647.0
008 180411b bul|||||r ||||||| ||bul||
010 _aKNG00194384000
040 _aBLK
041 _aBUL
_cBUL
080 _aВодни транспортни средства. Морски транспортни средства. Плавателни съдове. Кораби. Корабостроене
_b629.5
_x(075.32)
_z629.5(075.32)
100 1 _aКалев, Христо Иванов
_eпърви автор
_9279367
139 _aКалев, Христо Иванов и др.
_bК 16
245 1 0 _aСпециална технология по корабостроене
_bУчебник за І и II курс на СПТУ по корабостроене
_cХристо Иванов Калев; съавт. Цанко Илиев Лапаков.
257 _aBGR
260 _bТехника
_c1976
_fПерник : В. Андреев
300 _a431 с.
_bс черт.
_c22 см
380 _a62
500 _a866 тир.
650 4 _aКорабостроене
_9159429
650 4 _aУчебници - за средните училища
_9265747
700 1 _aЛапаков, Цанко Илиев
_eсъавт.
_9343788
852 _aЦб 81804
856 4 _qpdf
856 4 _qpdf
942 _cKNG
_n0
_s1
_01
944 _aCR
_c25.10.2016
_kКети_Илиева
944 _aED
_c25.10.2016
_kКети_Илиева
999 _d185391